<?xml version="1.0" encoding="UTF-8"?>
<collection xmlns:xsi="http://www.w3.org/2001/XMLSchema-instance" xsi:schemaLocation="http://www.loc.gov/MARC21/slim http://www.loc.gov/standards/marcxml/schema/MARC21slim.xsd" xmlns="http://www.loc.gov/MARC21/slim">
 <record>
  <leader>00000caa a22000003a 4500</leader>
  <controlfield tag="001">UP-8027390931312503617</controlfield>
  <controlfield tag="003">Buklod</controlfield>
  <controlfield tag="005">20200324123400.0</controlfield>
  <controlfield tag="006">o--- |     ||   ||</controlfield>
  <controlfield tag="007">ta</controlfield>
  <controlfield tag="008">200324s        xx     d     r    |||| u|</controlfield>
  <datafield tag="022" ind1=" " ind2=" ">
   <subfield code="a">0022-3514</subfield>
  </datafield>
  <datafield tag="035" ind1=" " ind2=" ">
   <subfield code="a">(iLib)UPCEB-00011919373</subfield>
  </datafield>
  <datafield tag="040" ind1=" " ind2=" ">
   <subfield code="a">edz</subfield>
  </datafield>
  <datafield tag="100" ind1="0" ind2=" ">
   <subfield code="a">Seibt, Beate.</subfield>
  </datafield>
  <datafield tag="245" ind1="0" ind2="4">
   <subfield code="a">Stereotype Threat and Performance</subfield>
   <subfield code="b">how Self-Stereotypes Influence Processing by Inducing Regulatory Foci. [article] .</subfield>
  </datafield>
  <datafield tag="300" ind1=" " ind2=" ">
   <subfield code="a">pp.38-56.</subfield>
  </datafield>
  <datafield tag="520" ind1=" " ind2=" ">
   <subfield code="a">The authors hypothesized that activated self-stereotypes can influence the strategies of task solution by inducing regulatory foci. More specifically, positive self-stereotypes should induce a  promotion focus state of eagerness, whereas negative steroetypes should induce a prevention focus state of vigilance. Study 1 showed that a negative ascribed stereotype with regrds to task performance leads to better recall for avoidanc-related statements whereas a positive stereotype leads to better recall for approach-related statements. In studies 2 and 3, both an instrumental manipulation of group performance expectation and the preexisting stereotype of better verbal skills in women than in men led to faster and less accurate performance in the positive compared with the negative stereotype group. Studies 4 and 5 showed that positive in-group stereotypes led to more creative performance whereas negative stereotypes led to better analytical performance. These  results point to a possible mechanism for stereotype-threat. -- (from the author)</subfield>
  </datafield>
  <datafield tag="650" ind1="1" ind2="7">
   <subfield code="a">Psychology-Periodicals.</subfield>
  </datafield>
  <datafield tag="773" ind1="0" ind2=" ">
   <subfield code="a">Journal of Personality and Social Psychology  87, 1 (2004).</subfield>
  </datafield>
  <datafield tag="942" ind1=" " ind2=" ">
   <subfield code="a">Analytics</subfield>
  </datafield>
 </record>
</collection>
